Життя лісу (Запис № 17246)

000 -Маркер запису
Контрольне поле сталої довжини 01453nam a22002657a 4500
003 - Належність контрольного номера
Контрольне поле Uzh_bibl
008 - Кодовані дані
Контрольне поле сталої довжини 260402b |||||||| |||| 00| 0 ukr d
020 ## - Індекс ISBN
ISBN 978-617-09-4439-9
Ціна 114.00
040 ## - Джерело каталогіз.
Код мови каталог. укр.
041 ## - Код мови видання
Код мови оригіналу українська
Код мови тексту українська
080 ## - Індекс УДК
Індекс УДК 502
090 ## - Шифри
Поличний індекс 502
Авторський знак С 85
100 ## - Автор
Автор Стороженко,Галина
245 ## - Назва
Назва Життя лісу
Відповідальність худож.оформ.В Труфен
Фізичний носій Текст
260 ## - Вихідні дані
Місце видання Харків
Видавництво Ранок
Дата видання 2018
300 ## - Фізичний опис
Обсяг 64 с.
Ілл./тип відтвор. іл.
Тип одиниці В опр.
490 ## - Серія
Назва серії Серія"Світ і його таємниці"
520 ## - Анотація
Анотація Книга у зрозумілій і цікавій формі познайомить юного читача з дивовижним життям лісу. Я які види лісів існують на Землі? Як живе ліс у різні сезони? Які ліси бачили динозаври? Відповіді на ці запитання читач знайде у книзі, яку можна використовувати і як захопливе читання, і як наочний посібник, і як довідни
521 ## - Примітка про цільове призначення
Примітка про цільове призначення Для дітей молодшого та середнього шкільного віку
546 ## - Примітка про мову
Примітка про мову укр.
650 ## - Тематичні рубрики
Основна рубрика Науково-популярне видання
653 ## - Ключові слова
Ключові слова Ліс
-- Дерева
-- Шкідники лісу
655 ## - Термін індексування — жанр/форма
Жанр/форма Довідник
942 ## - ADDED ENTRY ELEMENTS (KOHA)
Джерело класифікації чи схема поличного розташування
Koha item type Книги
Фонди
Статус вилучення Статус втрати/відсутності Джерело класифікації чи схема поличного розташування Статус пошкодження Тип обігу (не для випозичання) Постійне розташування Поточне розташування Розташування у відділі Дата надходження Джерело надходження (постачальник) Інвентарний номер Повний (примірниковий) шифр зберігання Штрих-код Date last seen Дата, для якої чинна ціна заміни Тип одиниці (рівень примірника)
          Бібліотека-філія № 1 для дітей Бібліотека-філія № 1 для дітей Читальна зала молодший відділ 18/03/2026 Подаровані 80826 502 19288 02/04/2026 26/03/2026 Книги

Працює на АБІС Коха